Football - Premier club des champions du monde 1998. - Statistiques

Statistiques générales
  • Ce quiz a été pris 24 fois
  • Le résultat moyen est 6 sur 22
Statistiques - réponses
Hint Réponse % Correct
Zinédine Zidane AS Cannes|Association sportive de Cannes
76%
Thierry Henry Association sportive de Monaco Football Club|AS Monaco FC|ASM
48%
Marcel Desailly Football Club de Nantes|Les Canaris|FC Nantes
48%
Bixente Lizarazu Girondins de Bordeaux|Football Club des Girondins de Bordeaux
48%
Lionel Charbonnier AJ Auxerre|AJA|Association de la jeunesse auxerroise|AJ auxerroise
43%
Fabien Barthez Toulouse Football Club|Toulouse FC|TFC
38%
Emmanuel Petit Association sportive de Monaco Football Club|AS Monaco FC|ASM
33%
Didier Deschamps Football Club de Nantes|Les Canaris|FC Nantes
33%
Christophe Dugarry Girondins de Bordeaux|Football Club des Girondins de Bordeaux
33%
Patrick Vieira AS Cannes|Association sportive de Cannes
29%
Christian Karembeu Football Club de Nantes|Les Canaris|FC Nantes
24%
Laurent Blanc Montpellier Hérault Sport Club|Montpellier HSC|MHSC
24%
Bernard Diomède AJ Auxerre|AJA|Association de la jeunesse auxerroise|AJ auxerroise
14%
Bernard Lama Lille OSC|LOSC Lille|Lille Olympique Sporting Club
14%
Frank Lebœuf Sporting Club de Toulon|Sporting|SC Toulon
14%
Alain Boghossian Olympique de Marseille|OM
10%
Stéphane Guivarc'h Stade brestois 29|Stade brestois|Brest Armorique
10%
Vincent Candela Toulouse Football Club|Toulouse FC|TFC
10%
David Trezeguet Club Atlético Platense
5%
Lilian Thuram Club sportif et culturel des Portugais de Fontainebleau|CSCPF
5%
Youri Djorkaeff Grenoble Foot 38|Grenoble Foot
5%
Robert Pirès Stade de Reims
5%
Aucun quiz correspondant
Distribution des résultats
% des personnes avec chaque résultat
Percentile par nombre de réponses
Votre historique - résultats
Vous n’avez pas pris ce quiz